[Event "41st Olympiad Women 2014"]
[Site "Tromso NOR"]
[Date "2014.08.14"]
[Round "11.13"]
[Board "4"]
[White "Machalova, Veronika"]
[Black "Zhou, Qiyu"]
[Result "1/2-1/2"]
[WhiteTitle "WFM"]
[BlackTitle "WCM"]
[WhiteElo "2214"]
[BlackElo "2109"]
[WhiteTeam "Slovakia"]
[BlackTeam "Canada"]
[WhiteFideId "14904888"]
[BlackFideId "505161"]
[EventDate "2014.08.02"]

1. e4 e5 2. Nf3 Nc6 3. Bb5 a6 4. Ba4 Nf6 5. O-O Be7 6. Re1 b5 7. Bb3 d6 8. a4
Rb8 9. c3 O-O 10. axb5 axb5 11. h3 b4 12. Bd5 Qd7 13. Bb3 Bb7 14. d3 h6 15. Nbd2
Ra8 16. Rxa8 Bxa8 17. Nc4 Qc8 18. Ne3 Qb7 19. Nf5 bxc3 20. bxc3 Rb8 21. Bc2 Bf8
22. Nh2 Ne7 23. g4 Nh7 24. h4 d5 25. Nf1 Nxf5 26. gxf5 Qc6 27. Bd2 Be7 28. Qg4
Rb2 29. Bd1 dxe4 30. dxe4 Qf6 31. h5 Bc6 32. Bc1 Rb8 33. Bc2 Qh4 34. Qxh4 Bxh4
35. Nh2 Bg5 36. Nf3 Bxc1 37. Rxc1 f6 38. Ra1 Be8 39. Ra7 Bxh5 40. Nh4 c6 41. Ba4
Be8 42. Ng6 Bxg6 43. fxg6 Nf8 44. Bxc6 Nxg6 45. c4 Kf8 46. Bd5 Ne7 47. c5 Rc8
48. Be6 Rb8 49. Bd7 g6 50. c6 Nc8 51. Rb7 Ra8 52. Be6 Nd6 53. Rh7 Ra1+ 54. Kg2
Rc1 55. c7 Ke8 56. Rh8+ Ke7 57. c8=Q Nxc8 58. Rxc8 Rxc8 59. Bxc8 Kd6 60. Kf3 Kc5
61. Ke3 Kd6 62. Kd3 h5 63. Bh3 Kc5 64. Be6 h4 65. Bh3 Kb4 66. Bg4 Kc5 67. Ke3
Kc4 68. Be6+ Kc3 69. Bf7 g5 70. Be6 Kc2 71. Bg4 Kc3 72. Bh3 Kc2 73. Kf3 Kd3 74.
Bf5 Kd2 75. Be6 Ke1 76. Bh3 Kd2 77. Bf5 Ke1 78. Bh3 Kd2 1/2-1/2

[Event "41st Olympiad Women 2014"]
[Site "Tromso NOR"]
[Date "2014.08.14"]
[Round "11.14"]
[Board "1"]
[White "Munguntuul, Batkhuyag"]
[Black "Srebrnic, Ana"]
[Result "1-0"]
[WhiteTitle "IM"]
[BlackTitle "WGM"]
[WhiteElo "2410"]
[BlackElo "2251"]
[WhiteTeam "Mongolia"]
[BlackTeam "Slovenia"]
[WhiteFideId "4900758"]
[BlackFideId "14603314"]
[EventDate "2014.08.02"]

1. e4 e6 2. d4 d5 3. Nc3 Nc6 4. Be3 Nge7 5. f3 e5 6. Bb5 exd4 7. Qxd4 dxe4 8.
Qxd8+ Kxd8 9. O-O-O+ Bd7 10. Nxe4 Kc8 11. Ne2 Ne5 12. Bxd7+ Nxd7 13. Ng5 f6 14.
Ne6 c6 15. Nc3 Nf5 16. Bf2 Bb4 17. g4 Ne7 18. Ne4 f5 19. N4g5 Ne5 20. Bg3 h6 21.
Bxe5 hxg5 22. Bxg7 Rg8 23. Bf8 Nd5 24. Bxb4 Nxb4 25. gxf5 Nd5 26. h4 gxh4 27. c4
Ne3 28. f6 Nxd1 29. Rxd1 b6 30. f7 Kb7 31. Rd7+ Ka6 32. fxg8=Q Rxg8 33. Rh7 Rg1+
34. Kc2 Rg2+ 35. Kc3 Rg3 36. Kb4 Rxf3 37. Nc7+ Kb7 38. Nb5+ Kb8 39. Nxa7 Rf6 40.
c5 bxc5+ 41. Kxc5 Rf5+ 42. Kb6 1-0

[Event "41st Olympiad Women 2014"]
[Site "Tromso NOR"]
[Date "2014.08.14"]
[Round "11.14"]
[Board "2"]
[White "Krivec, Jana"]
[Black "Batchimeg, Tuvshintugs"]
[Result "0-1"]
[WhiteTitle "WGM"]
[BlackTitle "WGM"]
[WhiteElo "2259"]
[BlackElo "2346"]
[WhiteTeam "Slovenia"]
[BlackTeam "Mongolia"]
[WhiteFideId "14601982"]
[BlackFideId "4900839"]
[EventDate "2014.08.02"]

1. e4 c5 2. Nc3 d6 3. f4 g6 4. Nf3 Bg7 5. Bb5+ Nc6 6. O-O Bd7 7. Bxc6 Bxc6 8. d4
cxd4 9. Nxd4 Bd7 10. Kh1 Rc8 11. Re1 Nf6 12. h3 O-O 13. Nd5 Nxd5 14. exd5 Bxd4
15. Qxd4 Rxc2 16. Bd2 f6 17. Bc3 Re8 18. Qxa7 Qc8 19. Re3 e5 20. fxe5 fxe5 21.
Qb6 Qd8 22. Qxd8 Rxd8 23. a4 h5 24. Rf3 Bf5 25. Re1 h4 26. Kg1 Rc8 27. Bb4 Rxb2
28. Bxd6 Rcc2 29. Bxe5 Rxg2+ 30. Kh1 Rbe2 31. Re3 Rxe1+ 32. Rxe1 Rd2 33. Re3
Rxd5 34. Bf6 Ra5 35. Ra3 b5 36. Bxh4 bxa4 37. Be7 Re5 38. Bb4 Bc2 39. Kg2 Bb3
40. Ra1 Re4 41. Ba3 Kf7 42. Kf2 Kf6 43. Re1 Rc4 44. Re3 Rc2+ 45. Re2 Rc6 46. Re3
Kf5 47. Bb2 Rc4 48. Kg3 Rc5 49. h4 Bd1 50. Ba3 Rb5 51. Kf2 Rd5 52. Kg3 Rd4 53.
Bb2 Rg4+ 54. Kh3 Rb4 55. Bc3 Rb5 56. Rg3 Rb3 57. Kg2 a3 58. Rg5+ Ke4 59. Bg7 Bh5
60. Ra5 Kd3 61. Bf8 Rb2+ 62. Kg3 a2 63. Bg7 Re2 64. Bf6 Kc4 65. Kf4 Rf2+ 66. Kg5
Kb4 67. Bd8 Rf5+ 68. Rxf5 a1=Q 69. Be7+ Kc4 70. Rc5+ Kd3 71. Kh6 Qh8+ 72. Kg5
Ke4 73. Bf6 Qb8 74. Rc4+ Kd3 75. Rc3+ Ke2 76. Rc2+ Kd3 77. Rc3+ Kd2 78. Rc5 Qd6
79. Re5 Kd3 80. Re7 Qc6 81. Re5 Qc1+ 0-1

[Event "41st Olympiad Women 2014"]
[Site "Tromso NOR"]
[Date "2014.08.14"]
[Round "11.14"]
[Board "3"]
[White "Bayarmaa, Bayarjargal"]
[Black "Kolaric, Spela"]
[Result "1-0"]
[WhiteTitle "WFM"]
[BlackTitle "WFM"]
[WhiteElo "2109"]
[BlackElo "2043"]
[WhiteTeam "Mongolia"]
[BlackTeam "Slovenia"]
[WhiteFideId "4900260"]
[BlackFideId "14607093"]
[EventDate "2014.08.02"]

1. d4 Nf6 2. c4 e6 3. Nf3 Bb4+ 4. Bd2 Qe7 5. g3 Nc6 6. Bg2 Bxd2+ 7. Nbxd2 d6 8.
O-O a5 9. e4 e5 10. d5 Nb8 11. Ne1 h5 12. Nef3 O-O 13. Qc2 Na6 14. a3 Bd7 15.
Nh4 g6 16. Qc3 a4 17. f4 exf4 18. gxf4 Nc5 19. Qg3 Nh7 20. Rae1 Rae8 21. Kh1 c6
22. e5 dxe5 23. Rxe5 Qf6 24. dxc6 Bxc6 25. Rxc5 Qd4 26. Rxc6 bxc6 27. Ndf3 Qxc4
28. Ne5 Qe2 29. Rg1 Qxb2 30. Nhxg6 fxg6 31. Bd5+ Kh8 32. Nxg6+ Kg7 33. Ne5+ 1-0

[Event "41st Olympiad Women 2014"]
[Site "Tromso NOR"]
[Date "2014.08.14"]
[Round "11.14"]
[Board "4"]
[White "Unuk, Laura"]
[Black "Ankhchimeg, Bayanmunkh"]
[Result "1-0"]
[WhiteTitle "WFM"]
[BlackTitle "WIM"]
[WhiteElo "2221"]
[BlackElo "2123"]
[WhiteTeam "Slovenia"]
[BlackTeam "Mongolia"]
[WhiteFideId "14609215"]
[BlackFideId "4900600"]
[EventDate "2014.08.02"]

1. d4 f5 2. g3 Nf6 3. Bg2 g6 4. Nf3 Bg7 5. O-O O-O 6. b3 d6 7. Bb2 e6 8. c4 Ne4
9. Nbd2 Nc6 10. Ne1 d5 11. e3 b6 12. Rc1 Na5 13. Nd3 Ba6 14. Nxe4 fxe4 15. Nb4
Bb7 16. c5 c6 17. f3 exf3 18. Rxf3 Rxf3 19. Qxf3 bxc5 20. Rxc5 Bf8 21. Bh3 Qe8
22. Qf6 Bc8 23. Nd3 Nb7 24. Rc2 Bg7 25. Qf1 Nd6 26. Qc1 Bd7 27. Nc5 Rc8 28. Rf2
Bh6 29. Qe1 Nf5 30. Rf3 Bg7 31. Qf2 Qe7 32. e4 dxe4 33. Nxe4 e5 34. dxe5 Bxe5
35. Bxe5 Qxe5 36. Nc5 Rc7 37. Nxd7 Rxd7 38. Bxf5 gxf5 39. Rxf5 Rd1+ 40. Kg2 Qe4+
41. Kh3 Qe7 42. Qf4 Rd6 43. Re5 Qd7+ 44. g4 Rg6 45. Qc4+ Kg7 46. Qe2 Qd6 47. Qe3
a6 48. Qc5 Qd3+ 49. Qe3 Qd6 50. Qc3 Kg8 51. Qc4+ Kg7 52. Qf4 Qd7 53. Rf5 Kg8 54.
Qb8+ 1-0

[Event "41st Olympiad Women 2014"]
[Site "Tromso NOR"]
[Date "2014.08.14"]
[Round "11.15"]
[Board "1"]
[White "Pourkashiyan, Atousa"]
[Black "Reizniece-Ozola, Dana"]
[Result "1/2-1/2"]
[WhiteTitle "WGM"]
[BlackTitle "WGM"]
[WhiteElo "2352"]
[BlackElo "2278"]
[WhiteTeam "Iran"]
[BlackTeam "Latvia"]
[WhiteFideId "12502014"]
[BlackFideId "11601124"]
[EventDate "2014.08.02"]

1. e4 c5 2. Nf3 Nc6 3. d4 cxd4 4. Nxd4 e5 5. Nb5 d6 6. g3 Be7 7. N1c3 a6 8. Na3
Nf6 9. Bg5 Be6 10. Nc4 Nd4 11. Bxf6 Bxf6 12. Nd5 Bxd5 13. exd5 b5 14. Ne3 Bg5
15. Bd3 b4 16. a3 bxa3 17. Rxa3 O-O 18. O-O f5 19. f4 exf4 20. gxf4 Bf6 21. Kh1
g6 22. Bxa6 Qb6 23. Nc4 Qc5 24. Ra5 Qc7 25. b3 Rfe8 26. Re1 Kf7 27. Rxe8 Rxe8
28. c3 Qe7 29. Nd2 Nxb3 30. Qxb3 Qe1+ 31. Nf1 Qf2 32. Qa2 Qxf4 33. Qg2 Bxc3 34.
Rb5 Re1 35. Rb3 Bd4 36. Qf3 Qc1 37. Rb7+ Kg8 38. Rb8+ Kg7 39. Rb7+ Kg8 40. Rb8+
Kf7 41. Rb7+ Kg8 42. Qh3 h5 43. Qg2 Kf8 44. Bd3 Qa1 45. Rd7 Be5 46. Rb7 Bd4 47.
Rc7 Qd1 48. Bb5 Qb1 49. Be2 1/2-1/2

[Event "41st Olympiad Women 2014"]
[Site "Tromso NOR"]
[Date "2014.08.14"]
[Round "11.15"]
[Board "2"]
[White "Rogule, Laura"]
[Black "Khademalsharieh, Sarasadat"]
[Result "1-0"]
[WhiteTitle "WGM"]
[BlackTitle "WGM"]
[WhiteElo "2347"]
[BlackElo "2324"]
[WhiteTeam "Latvia"]
[BlackTeam "Iran"]
[WhiteFideId "11601876"]
[BlackFideId "12512214"]
[EventDate "2014.08.02"]

1. d4 Nf6 2. c4 e6 3. Nf3 b6 4. g3 Bb7 5. Bg2 Be7 6. O-O O-O 7. Re1 Ne4 8. Nfd2
f5 9. Nxe4 fxe4 10. Nc3 d5 11. Bf4 Bd6 12. Be3 Qe7 13. Rc1 c6 14. f3 exf3 15.
exf3 Nd7 16. f4 Rae8 17. Qa4 a6 18. Re2 Qf7 19. Rce1 c5 20. cxd5 exd5 21. dxc5
Bxc5 22. Bxc5 Rxe2 23. Rxe2 bxc5 24. Bh3 Nb6 25. Qb3 Qc7 26. Be6+ Kh8 27. Nxd5
Nxd5 28. Bxd5 Bc8 29. Qe3 Bh3 30. b3 Qd6 31. Qe5 Qd8 32. Qe7 h6 33. Qxd8 Rxd8
34. Re5 Rd6 35. Kf2 g6 36. Ke3 Kg7 37. Bc4 Rc6 38. Re7+ Kf8 39. Ra7 Bc8 40. Ke4 1-0

[Event "41st Olympiad Women 2014"]
[Site "Tromso NOR"]
[Date "2014.08.14"]
[Round "11.15"]
[Board "3"]
[White "Hakimifard, Ghazal"]
[Black "Berzina, Ilze"]
[Result "1-0"]
[WhiteTitle "WIM"]
[BlackTitle "WGM"]
[WhiteElo "2232"]
[BlackElo "2247"]
[WhiteTeam "Iran"]
[BlackTeam "Latvia"]
[WhiteFideId "12506540"]
[BlackFideId "11601345"]
[EventDate "2014.08.02"]

1. e4 c6 2. d4 d5 3. Nc3 dxe4 4. Nxe4 Nd7 5. Nf3 Ngf6 6. Nxf6+ Nxf6 7. Ne5 Bf5
8. c3 e6 9. g4 Bg6 10. h4 Bd6 11. Qe2 Qa5 12. h5 Be4 13. Rh4 Bd5 14. g5 Nd7 15.
Bd2 Qb6 16. c4 Qxb2 17. Rc1 Bb4 18. Nd3 Bxd2+ 19. Qxd2 Qa3 20. cxd5 exd5 21. Nc5
Nxc5 22. dxc5 O-O 23. Bd3 Rfe8+ 24. Kf1 Re6 25. Qc2 g6 26. Ra4 1-0

[Event "41st Olympiad Women 2014"]
[Site "Tromso NOR"]
[Date "2014.08.14"]
[Round "11.15"]
[Board "4"]
[White "Skinke, Katrina"]
[Black "Asgarizadeh, Minoo"]
[Result "0-1"]
[WhiteTitle "WIM"]
[BlackTitle "WFM"]
[WhiteElo "2217"]
[BlackElo "2147"]
[WhiteTeam "Latvia"]
[BlackTeam "Iran"]
[WhiteFideId "11602260"]
[BlackFideId "12512230"]
[EventDate "2014.08.02"]

1. e4 g6 2. d4 Bg7 3. Nc3 d6 4. Be3 c6 5. Qd2 b5 6. O-O-O Qc7 7. h4 h5 8. Bd3
Nf6 9. f3 a6 10. Kb1 O-O 11. Bh6 c5 12. Bxg7 Kxg7 13. dxc5 Qxc5 14. Nh3 Bxh3 15.
Rxh3 Nbd7 16. f4 b4 17. Ne2 Ng4 18. Rf1 Ndf6 19. Ng1 d5 20. e5 Ne4 21. Qe1 Rac8
22. Bxe4 dxe4 23. Qe2 Rfd8 24. Rg3 e3 25. Nf3 Rd2 26. Nxd2 Qxc2+ 27. Ka1 exd2
28. a3 b3 29. Qd3 Qxd3 30. Rxd3 Rc1+ 0-1

[Event "41st Olympiad Women 2014"]
[Site "Tromso NOR"]
[Date "2014.08.14"]
[Round "11.16"]
[Board "1"]
[White "Zepeda, Lorena"]
[Black "Nguyen, Thi Mai Hung"]
[Result "0-1"]
[WhiteTitle "WIM"]
[BlackTitle "WIM"]
[WhiteElo "2158"]
[BlackElo "2307"]
[WhiteTeam "El Salvador"]
[BlackTeam "Vietnam"]
[WhiteFideId "6700233"]
[BlackFideId "12401676"]
[EventDate "2014.08.02"]

1. e4 e6 2. d3 d5 3. Nd2 Nf6 4. Ngf3 Be7 5. g3 b5 6. Bg2 c5 7. O-O Nc6 8. a4 b4
9. exd5 exd5 10. d4 cxd4 11. Nb3 Ba6 12. Re1 d3 13. cxd3 O-O 14. Be3 Re8 15. Rc1
Rc8 16. Bc5 Rc7 17. Bxe7 Rexe7 18. Nc5 Bc8 19. Rxe7 Qxe7 20. Qd2 a5 21. Nb3 h6
22. Qc2 Ne8 23. Qc5 Qd7 24. Qb6 Nd8 25. Qxa5 Rxc1+ 26. Nxc1 Nc6 27. Qc5 Nc7 28.
b3 Ne6 29. Qb5 Qd6 30. Qb6 Kf8 31. Ne2 Ke7 32. Bh3 Ncd4 33. Qxd6+ Kxd6 34. Nfxd4
Nxd4 35. Nxd4 Bxh3 36. Nc2 Bf5 37. Nxb4 Kc5 38. Na2 Bxd3 39. Nc1 Ba6 40. f4 Kb4
41. Kf2 Kc3 42. Ke1 Kc2 43. Ne2 Bxe2 44. Kxe2 d4 0-1

[Event "41st Olympiad Women 2014"]
[Site "Tromso NOR"]
[Date "2014.08.14"]
[Round "11.16"]
[Board "2"]
[White "Hoang, Thi Nhu Y"]
[Black "Sanchez, Ingrid"]
[Result "1-0"]
[WhiteTitle "WIM"]
[BlackTitle "WFM"]
[WhiteElo "2269"]
[BlackElo "2020"]
[WhiteTeam "Vietnam"]
[BlackTeam "El Salvador"]
[WhiteFideId "12401455"]
[BlackFideId "6700217"]
[EventDate "2014.08.02"]

1. d4 d5 2. Nf3 Nf6 3. Bg5 Nbd7 4. e3 g6 5. c4 c6 6. Nc3 Bg7 7. cxd5 cxd5 8.
Bxf6 Nxf6 9. Bb5+ Bd7 10. Bxd7+ Qxd7 11. Ne5 Qd8 12. Qa4+ Kf8 13. O-O Bh6 14. f4
a6 15. Qb3 Rb8 16. Rac1 e6 17. Rc2 Kg7 18. g4 g5 19. h4 gxf4 20. g5 Bxg5 21.
hxg5 Nh5 22. Rg2 1-0

[Event "41st Olympiad Women 2014"]
[Site "Tromso NOR"]
[Date "2014.08.14"]
[Round "11.16"]
[Board "3"]
[White "Avelar, Gabriela"]
[Black "Luong, Phuong Hanh"]
[Result "0-1"]
[WhiteTitle "WFM"]
[WhiteElo "1903"]
[BlackElo "2171"]
[WhiteTeam "El Salvador"]
[BlackTeam "Vietnam"]
[WhiteFideId "6700667"]
[BlackFideId "12401013"]
[EventDate "2014.08.02"]

1. e4 c5 2. Nf3 Nc6 3. Bb5 g6 4. O-O Bg7 5. c3 Nf6 6. Re1 O-O 7. d4 cxd4 8. cxd4
a6 9. Ba4 d5 10. e5 Ne8 11. Nc3 Bg4 12. Be3 b5 13. Bb3 e6 14. h3 Bxf3 15. Qxf3
Nc7 16. Rac1 Rc8 17. Ne2 Na8 18. a4 b4 19. Rc5 Na5 20. Rxc8 Qxc8 21. Rc1 Qd7 22.
Bd2 Rb8 23. Rc5 Nxb3 24. Qxb3 Bf8 25. Rc1 Nb6 26. Ra1 Qc6 27. Qd3 Qc4 28. Qe3 b3
29. Nc3 Qc6 30. Qd3 Nc4 31. Nd1 Nxd2 32. Qxd2 Qc2 33. Qa5 Qc4 34. Qc3 Rb4 35.
Qxc4 Rxc4 36. Nc3 Rxd4 37. Re1 Bb4 38. Re3 Rd2 39. Ne2 Rxb2 40. Nd4 Bc5 41. Rd3
Rb1+ 42. Kh2 b2 0-1

[Event "41st Olympiad Women 2014"]
[Site "Tromso NOR"]
[Date "2014.08.14"]
[Round "11.16"]
[Board "4"]
[White "Pham, Le Thao Nguyen"]
[Black "Garcia, Alcira"]
[Result "1-0"]
[WhiteTitle "IM"]
[WhiteElo "2331"]
[BlackElo "1692"]
[WhiteTeam "Vietnam"]
[BlackTeam "El Salvador"]
[WhiteFideId "12401226"]
[BlackFideId "6702945"]
[EventDate "2014.08.02"]

1. d4 d5 2. Bf4 Nf6 3. e3 Bf5 4. c4 e6 5. Qb3 Nbd7 6. Nc3 dxc4 7. Bxc4 Nb6 8.
Be2 Nfd5 9. Bg3 Nxc3 10. bxc3 Qd5 11. Nf3 Qxb3 12. axb3 Nd5 13. Kd2 h6 14. Bd3
Bxd3 15. Kxd3 Bd6 16. e4 Bxg3 17. exd5 Bd6 18. Rhe1 Kd7 19. dxe6+ fxe6 20. Re2
Rhf8 21. Nd2 c5 22. dxc5 Bxc5 23. f3 a5 24. Nc4 b6 25. h3 Ke7 26. Kc2 Rad8 27.
Ne5 Kf6 28. Ra4 g5 29. Ng4+ Kg7 30. Rxe6 Rd6 31. Rae4 Rfd8 32. Rxd6 Rxd6 33. Ne5
Re6 34. Nd3 Rxe4 35. fxe4 Be3 36. Ne5 h5 37. Kd3 Bf4 38. Nc6 Kf7 39. e5 Ke6 40.
Ke4 Bg3 41. Nd4+ Ke7 42. Nf5+ 1-0

[Event "41st Olympiad Women 2014"]
[Site "Tromso NOR"]
[Date "2014.08.14"]
[Round "11.17"]
[Board "1"]
[White "Ordaz Valdes, Lisandra Teresa"]
[Black "Cramling, Pia"]
[Result "0-1"]
[WhiteTitle "WGM"]
[BlackTitle "GM"]
[WhiteElo "2345"]
[BlackElo "2500"]
[WhiteTeam "Cuba"]
[BlackTeam "Sweden"]
[WhiteFideId "3506940"]
[BlackFideId "1700030"]
[EventDate "2014.08.02"]

1. d4 Nf6 2. c4 e6 3. Nc3 Bb4 4. Qc2 O-O 5. a3 Bxc3+ 6. Qxc3 d6 7. Bg5 Nbd7 8.
Nf3 b6 9. Nd2 Bb7 10. f3 Rc8 11. e4 c5 12. Bd3 h6 13. Bh4 Qc7 14. O-O Nh5 15. d5
Ne5 16. f4 Ng6 17. Bg3 exd5 18. exd5 f5 19. Qc2 Qf7 20. Rae1 Rcd8 21. Qd1 Nxg3
22. hxg3 Bc8 23. Qc2 Rde8 24. Qc3 Kh8 25. Nf3 Bd7 26. Kf2 Rb8 27. b3 Rfe8 28.
Rxe8+ Rxe8 29. a4 Nf8 30. Nh4 Kg8 31. Re1 Rxe1 32. Kxe1 g5 33. Nf3 Ng6 34. fxg5
Qe7+ 35. Kf1 hxg5 36. g4 Nf4 37. gxf5 Bxf5 0-1

[Event "41st Olympiad Women 2014"]
[Site "Tromso NOR"]
[Date "2014.08.14"]
[Round "11.17"]
[Board "3"]
[White "Vigoa Apecheche, Yanira"]
[Black "Frisk, Ellinor"]
[Result "0-1"]
[WhiteTitle "WGM"]
[BlackTitle "WFM"]
[WhiteElo "2317"]
[BlackElo "2257"]
[WhiteTeam "Cuba"]
[BlackTeam "Sweden"]
[WhiteFideId "3507041"]
[BlackFideId "1708481"]
[EventDate "2014.08.02"]

1. d4 d5 2. Nf3 Nf6 3. c4 c6 4. g3 dxc4 5. Bg2 g6 6. O-O Bg7 7. Nbd2 O-O 8. Qc2
Na6 9. Nxc4 Bf5 10. Qa4 Qc8 11. Na5 Be4 12. Qa3 Nd5 13. Bg5 Re8 14. Rfc1 Nac7
15. Nb3 Nb5 16. Qa4 h6 17. Bd2 a5 18. Nc5 Bxf3 19. exf3 Nxd4 20. Qd1 e5 21. Be3
Ne6 22. Qb3 Nxe3 23. fxe3 Nxc5 24. Rxc5 a4 25. Qc2 a3 26. b3 e4 27. Rf1 exf3 28.
Rxf3 Qd7 29. Rc4 Rad8 30. Qf2 Qd1+ 31. Qf1 Re7 32. Rc1 Qxf1+ 33. Bxf1 Rd2 34.
Rf2 Red7 35. Rc2 Rxc2 36. Rxc2 Rd1 37. Kf2 Ra1 38. b4 Rb1 39. b5 cxb5 40. Bd3
Rb4 41. Ke2 Bf8 42. Kd2 h5 43. e4 Bd6 44. Kc3 Kg7 45. Re2 Bc5 46. h3 Kf6 47. e5+
Ke6 48. Bc2 Rc4+ 49. Kd2 Bb4+ 50. Kd1 Rd4+ 51. Kc1 h4 52. Bb3+ Ke7 53. gxh4 Rf4
54. e6 f5 55. Re5 b6 56. h5 gxh5 57. Re3 h4 58. Rd3 Bd6 59. Kd1 Rf2 60. Rd4 f4
61. Rd5 f3 62. Rf5 Bb4 63. Rf4 Rd2+ 64. Kc1 f2 65. Rf7+ Ke8 66. Bd1 Rxa2 67. Bh5
Kd8 68. Kb1 Rd2 69. Kc1 a2 0-1

[Event "41st Olympiad Women 2014"]
[Site "Tromso NOR"]
[Date "2014.08.14"]
[Round "11.17"]
[Board "4"]
[White "Bengtsson, Jessica"]
[Black "Arribas Robaina, Maritza"]
[Result "0-1"]
[BlackTitle "WGM"]
[WhiteElo "1933"]
[BlackElo "2291"]
[WhiteTeam "Sweden"]
[BlackTeam "Cuba"]
[WhiteFideId "1711083"]
[BlackFideId "3501418"]
[EventDate "2014.08.02"]

1. e4 g6 2. d4 Bg7 3. Nf3 d6 4. h3 a6 5. Nc3 Nf6 6. Be3 O-O 7. Bd3 b5 8. a4 b4
9. Ne2 Bb7 10. Ng3 Nfd7 11. Qd2 c5 12. c3 bxc3 13. bxc3 Nc6 14. O-O Qa5 15. Rfd1
Rab8 16. Bh6 cxd4 17. Bxg7 Kxg7 18. cxd4 Qxd2 19. Rxd2 Nb4 20. Be2 d5 21. e5 a5
22. Bb5 Nb6 23. Rdd1 Bc6 24. Bxc6 Nxc6 25. Ne2 Rfc8 26. Rdc1 e6 27. Kf1 Nc4 28.
Rab1 Rb4 29. Rxb4 axb4 30. Ke1 Ra8 31. Nd2 N6a5 32. Rb1 Nxd2 33. Kxd2 Nc4+ 34.
Kd3 Rxa4 35. Nc1 g5 36. g3 Kg6 37. Ke2 h5 38. Nd3 Ra2+ 39. Ke1 Rd2 40. Rd1 Rxd1+
41. Kxd1 b3 42. Nc5 b2 43. Kc2 g4 44. h4 Kf5 45. Nd7 Ke4 46. Nf6+ Kxd4 47. Nxh5
Kxe5 48. Nf4 Ke4 49. h5 Kf5 50. h6 Kf6 51. h7 Kg7 52. Nh5+ Kxh7 53. Nf6+ Kg6 54.
Nxg4 d4 55. Kb1 d3 56. f4 d2 57. Nf2 Ne3 0-1

[Event "41st Olympiad Women 2014"]
[Site "Tromso NOR"]
[Date "2014.08.14"]
[Round "11.18"]
[Board "1"]
[White "Klinova, Masha"]
[Black "Hoang, Thanh Trang"]
[Result "0-1"]
[WhiteTitle "IM"]
[BlackTitle "GM"]
[WhiteElo "2312"]
[BlackElo "2485"]
[WhiteTeam "Israel"]
[BlackTeam "Hungary"]
[WhiteFideId "2802015"]
[BlackFideId "12400149"]
[EventDate "2014.08.02"]

1. e4 e6 2. d3 d5 3. Nd2 Nf6 4. Ngf3 Nc6 5. a3 a5 6. e5 Nd7 7. d4 f6 8. Bb5 fxe5
9. dxe5 Be7 10. O-O O-O 11. Re1 Qe8 12. Nf1 Na7 13. Be2 Nc5 14. Ng3 Bd7 15. Be3
Bb5 16. Nd4 Bxe2 17. Qxe2 Qg6 18. f4 Nc6 19. Nb5 Rac8 20. Rad1 Ne4 21. c4 Nxg3
22. hxg3 d4 23. Nxd4 Nxd4 24. Rxd4 Qxg3 25. Bf2 Qg6 26. Rd7 Rf7 27. Red1 b6 28.
Be3 Qe4 29. Qd3 Qc6 30. Rd2 Rcf8 31. g3 g6 32. Rd1 Kg7 33. Rd2 h5 34. Rd1 h4 35.
gxh4 Bxh4 36. Rxf7+ Rxf7 37. Rd2 Qf3 38. Rg2 Bg3 39. Qd2 Bxf4 40. Bxf4 Qxf4 41.
Qd3 Qc1+ 42. Kh2 Qf4+ 43. Kg1 Qf5 44. Qd4 Qf1+ 45. Kh2 Qf4+ 46. Qxf4 Rxf4 47. b3
a4 48. bxa4 Rxc4 49. Rd2 g5 50. Rd8 Rxa4 51. Rd7+ Kg6 52. Rxc7 Kf5 53. Rc6 Ra6
54. Rc3 Kxe5 55. Rb3 Kd4 56. Kg3 e5 57. Kf2 e4 58. Ke2 Ra5 59. Rb4+ Ke5 60. a4
Kf4 61. Kf2 g4 62. Kg2 g3 63. Rxb6 Rxa4 64. Rf6+ Ke5 65. Rf8 Ra3 66. Re8+ Kd4
67. Rd8+ Ke3 68. Kxg3 Ke2+ 69. Kg2 Ra7 70. Kg1 e3 0-1

[Event "41st Olympiad Women 2014"]
[Site "Tromso NOR"]
[Date "2014.08.14"]
[Round "11.18"]
[Board "2"]
[White "Madl, Ildiko"]
[Black "Shvayger, Yuliya"]
[Result "0-1"]
[WhiteTitle "IM"]
[BlackTitle "WIM"]
[WhiteElo "2347"]
[BlackElo "2275"]
[WhiteTeam "Hungary"]
[BlackTeam "Israel"]
[WhiteFideId "700550"]
[BlackFideId "14100126"]
[EventDate "2014.08.02"]

1. e4 c5 2. Nf3 Nc6 3. d4 cxd4 4. Nxd4 Qb6 5. Nb3 Nf6 6. Nc3 e6 7. Qe2 Bb4 8.
Bd2 a5 9. a3 Bxc3 10. Bxc3 e5 11. O-O-O O-O 12. g4 d6 13. g5 Ne8 14. Nd2 Be6 15.
Rg1 Nc7 16. Nc4 Bxc4 17. Qxc4 Qxf2 18. Be2 Ne6 19. Bg4 Ned4 20. Bxd4 Nxd4 21.
Kb1 Qf4 22. Qd3 Qxg5 23. c3 Nc6 24. Bd7 Qf4 25. Rdf1 Qh6 26. Qc4 Rad8 27. Bg4
Qh4 28. Rg2 Ne7 29. Qc7 h5 30. Bf3 g6 31. Qxb7 d5 32. exd5 e4 33. Bxh5 Qxh5 34.
Qxe7 Qxd5 35. Rf6 Qd1+ 36. Ka2 Qd5+ 37. Kb1 Qd1+ 38. Ka2 Qd5+ 39. Kb1 Qd3+ 40.
Ka2 e3 41. Rgxg6+ fxg6 42. Qe6+ Kh8 43. Rxf8+ Rxf8 44. Qe5+ Kg8 45. Qe6+ Rf7 0-1

[Event "41st Olympiad Women 2014"]
[Site "Tromso NOR"]
[Date "2014.08.14"]
[Round "11.18"]
[Board "4"]
[White "Papp, Petra"]
[Black "Borsuk, Angela"]
[Result "0-1"]
[WhiteTitle "WGM"]
[BlackTitle "IM"]
[WhiteElo "2274"]
[BlackElo "2198"]
[WhiteTeam "Hungary"]
[BlackTeam "Israel"]
[WhiteFideId "739049"]
[BlackFideId "2806452"]
[EventDate "2014.08.02"]

1. e4 d6 2. d4 Nf6 3. Nc3 g6 4. f4 Bg7 5. Bd3 O-O 6. Nf3 Nc6 7. O-O e5 8. fxe5
dxe5 9. d5 Ne7 10. Bg5 Ne8 11. Qe1 f6 12. Be3 Nd6 13. Rd1 Qe8 14. Bc5 Bd7 15.
Nb1 b6 16. Ba3 b5 17. b3 a5 18. c4 b4 19. Bc1 c5 20. Be3 Rc8 21. Bc2 Qd8 22. Qh4
Rc7 23. Nbd2 Qe8 24. Qg3 g5 25. Ne1 Ng6 26. Qf2 Qc8 27. g3 Bh3 28. Ng2 h6 29.
Nf3 Ne7 30. Bc1 f5 31. exf5 e4 32. Nfe1 Rxf5 33. Qe3 Bd4 34. Rxd4 Rxf1+ 35. Kxf1
Nef5 36. Qe2 Nxd4 37. Qh5 Qf5+ 38. Kg1 Bg4 39. Nh4 Ne2+ 40. Kg2 Bh3+ 0-1

[Event "41st Olympiad Women 2014"]
[Site "Tromso NOR"]
[Date "2014.08.14"]
[Round "11.19"]
[Board "3"]
[White "Baymuratova, Sevara"]
[Black "Isgandarova, Khayala"]
[Result "1-0"]
[WhiteTitle "WFM"]
[BlackTitle "WIM"]
[WhiteElo "2127"]
[BlackElo "2190"]
[WhiteTeam "Uzbekistan"]
[BlackTeam "Turkey"]
[WhiteFideId "14202182"]
[BlackFideId "13401823"]
[EventDate "2014.08.02"]

1. d4 Nf6 2. c4 g6 3. Nc3 Bg7 4. e4 d6 5. Nf3 O-O 6. Be2 e5 7. O-O Nc6 8. d5 Ne7
9. b4 a5 10. bxa5 Rxa5 11. a4 Nh5 12. g3 f5 13. Ng5 Nf6 14. Bf3 h6 15. Ne6 Bxe6
16. dxe6 Qc8 17. Nd5 Qxe6 18. exf5 Nxf5 19. Nxf6+ Qxf6 20. Bxb7 Nd4 21. Bd2 Ra7
22. Bd5+ Kh7 23. Bc3 Qf5 24. Bxd4 exd4 25. Ra3 Qd7 26. a5 c6 27. Be4 Qe6 28. Qc2
d5 29. cxd5 cxd5 30. Bd3 h5 31. h4 Bh6 32. a6 Qd6 33. Rb3 Rff7 34. Kg2 Rac7 35.
Qe2 Kg7 36. Qb2 Qf6 37. Kg1 Qe5 38. Rb6 Rf6 39. Rxf6 Qxf6 40. Ra1 Ra7 41. Rb1
Qf7 42. Qxd4+ Kh7 43. Qxa7 1-0